01098 a2200253 4500003000500000005001700005010001700022020002300039020002600062035002100088035002400109040000900133082001200142100001900154245011700173260006000290300003400350505019200384650004600576651001100622700002800633856009100661856009200752Nust20170207154047.0 a 2007050393 a0470183101 (cloth) a9780470183106 (cloth) a(OCoLC)182736372 a(OCoLC)ocn182736372 cNust00a621.3811 aJarry, Pierre,10aAdvanced design techniques and realizations of microwave and RF filters -(E-BOOK)cPierre Jarry, Jacques Beneat. aHoboken, N.J. :bJ. Wiley & Sons :bIEEE Press,cc2008. axix, 354 p. :bill. ;c25 cm. aPart I: Microwave Filter Fundamentals (Page-) Part II: Minimum-Phase Filters (Page-83) Part III: Non-Minimum-Phase Symmetrical (Page-171) Part IV Non-Minimum-Phase Asymmetrical (Page-219) 0aTelecommunications engineering - (E-BOOK) aE-BOOK1 aBeneat, Jacques,d1964-423Publisher descriptionuhttp://www.loc.gov/catdir/enhancements/fy0809/2007050393-d.html423Table of contents onlyuhttp://www.loc.gov/catdir/enhancements/fy0809/2007050393-t.html